<?xml version="1.0" encoding="UTF-8"?>
<record
    xmlns:xsi="http://www.w3.org/2001/XMLSchema-instance"
    xsi:schemaLocation="http://www.loc.gov/MARC21/slim http://www.loc.gov/standards/marcxml/schema/MARC21slim.xsd"
    xmlns="http://www.loc.gov/MARC21/slim">

  <leader>01059nam a2200241Ia 4500</leader>
  <controlfield tag="003">OSt</controlfield>
  <controlfield tag="005">20200713213628.0</controlfield>
  <controlfield tag="008">191128s2016    ck a   br     000 f spa d</controlfield>
  <datafield tag="020" ind1=" " ind2=" ">
    <subfield code="a">9789588954332</subfield>
  </datafield>
  <datafield tag="040" ind1=" " ind2=" ">
    <subfield code="a">CO-JMCR</subfield>
    <subfield code="c">CO-JMCR</subfield>
  </datafield>
  <datafield tag="041" ind1=" " ind2=" ">
    <subfield code="a">spa</subfield>
  </datafield>
  <datafield tag="082" ind1="0" ind2="4">
    <subfield code="a">N /</subfield>
    <subfield code="b">ICIi</subfield>
  </datafield>
  <datafield tag="100" ind1="1" ind2=" ">
    <subfield code="a">Icinori, </subfield>
    <subfield code="e">autor</subfield>
    <subfield code="9">7164</subfield>
  </datafield>
  <datafield tag="245" ind1="1" ind2="0">
    <subfield code="a">Issun B&#xF4;shi : </subfield>
    <subfield code="b">el ni&#xF1;o que no era m&#xE1;s alto que un pulgar / </subfield>
    <subfield code="c">Icinori ; traducci&#xF3;n Teresa Duran</subfield>
  </datafield>
  <datafield tag="260" ind1="1" ind2="4">
    <subfield code="a">Bogot&#xE1; : </subfield>
    <subfield code="b">Ekar&#xE9;, </subfield>
    <subfield code="c">2016</subfield>
  </datafield>
  <datafield tag="300" ind1=" " ind2=" ">
    <subfield code="b"> ilustraciones a color : </subfield>
    <subfield code="a">30 p&#xE1;ginas sin numerar ; </subfield>
    <subfield code="c">33 cm.</subfield>
  </datafield>
  <datafield tag="490" ind1="0" ind2=" ">
    <subfield code="a">Leer es mi cuento</subfield>
  </datafield>
  <datafield tag="500" ind1=" " ind2=" ">
    <subfield code="a">Plan Nacional de Lectura y Escritura. Leer es mi cuento. Recomendado apartir de los 6 a&#xF1;os.</subfield>
  </datafield>
  <datafield tag="520" ind1=" " ind2=" ">
    <subfield code="a">Hab&#xED;a una pareja de campesinos que no ten&#xED;a hijos. Todos los d&#xED;as, se alentaban cantando: "Queremos un hijo nuestro, aunque sea chiquit&#xED;n. Lo amaremos peque&#xF1;o, peque&#xF1;ito, peque&#xF1;&#xED;n&#x2026;". Su deseo se cumpli&#xF3;. Al ni&#xF1;o lo llamaron Issun B&#xF4;shi.</subfield>
  </datafield>
  <datafield tag="650" ind1="1" ind2="4">
    <subfield code="a">Cuentos infantiles</subfield>
    <subfield code="9">7165</subfield>
  </datafield>
  <datafield tag="700" ind1=" " ind2=" ">
    <subfield code="a">Duran, Teresa,</subfield>
    <subfield code="e">traductora</subfield>
    <subfield code="9">2953</subfield>
  </datafield>
  <datafield tag="942" ind1=" " ind2=" ">
    <subfield code="2">ddc</subfield>
    <subfield code="c">BK</subfield>
  </datafield>
  <datafield tag="999" ind1=" " ind2=" ">
    <subfield code="c">4228</subfield>
    <subfield code="d">4228</subfield>
  </datafield>
  <datafield tag="952" ind1=" " ind2=" ">
    <subfield code="0">0</subfield>
    <subfield code="1">0</subfield>
    <subfield code="2">ddc</subfield>
    <subfield code="4">0</subfield>
    <subfield code="7">0</subfield>
    <subfield code="8">FIC</subfield>
    <subfield code="a">CPL</subfield>
    <subfield code="b">CPL</subfield>
    <subfield code="d">2019-11-28</subfield>
    <subfield code="e">Donaci&#xF3;n</subfield>
    <subfield code="f">$0</subfield>
    <subfield code="l">6</subfield>
    <subfield code="m">1</subfield>
    <subfield code="o">N / ICIi </subfield>
    <subfield code="p">201809058</subfield>
    <subfield code="r">2026-02-16 14:38:59</subfield>
    <subfield code="s">2026-02-16</subfield>
    <subfield code="t"> Ej.1</subfield>
    <subfield code="w">2019-11-28</subfield>
    <subfield code="y">BK</subfield>
  </datafield>
</record>
